Mayor bienestar para los costarricenses. Plan Nacional de Competitividad /
Salvato in:
| Autore principale: | |
|---|---|
| Natura: | testo |
| Soggetti: | |
| Tags: |
Aggiungi Tag
Nessun Tag, puoi essere il primo ad aggiungerne!!
|
MARC
| LEADER | 00000 a a2200000 04500 | ||
|---|---|---|---|
| 001 | 8208 | ||
| 003 | |||
| 040 | |||
| 100 | |a Villalobos Carvajal, Vilma | ||
| 245 | |a Mayor bienestar para los costarricenses. Plan Nacional de Competitividad / |c Vilma Villalobos Carvajal | ||
| 650 | |a POTENCIAL DE DESARROLLO | ||
| 650 | |a COMPETITIVIDAD | ||
| 650 | |a DESARROLLO ECONOMICO | ||
| 650 | |a ALIVIO DE LA POBREZA | ||
| 650 | |a OBSTACULOS AL DESARROLLO | ||
| 650 | |a POLITICA FISCAL | ||
| 773 | |g volumen 5, número 3; páginas 12-15 | ||
| 999 | |c 28171 |d 28171 | ||
